[Event "Burgos Intercajas"]
[Site "Burgos"]
[Date "2011.10.23"]
[Round "1.5"]
[White "Tebar Jimenez, Jose Luis"]
[Black "Almagro Gonzalez, Francisco"]
[Result "1-0"]
[WhiteElo "1990"]
[BlackElo "1915"]
[PlyCount "71"]
[EventDate "2011.10.23"]
[EventType "swiss"]
[EventRounds "6"]
[EventCountry "ESP"]
[SourceTitle "EXT 2024"]
[Source "ChessBase"]
[SourceDate "2023.10.10"]
[SourceVersion "1"]
[SourceVersionDate "2023.10.10"]
[SourceQuality "1"]
[WhiteTeam "Caja Mediterano"]
[BlackTeam "Caja Granada"]
[WhiteTeamCountry "ESP"]
[BlackTeamCountry "ESP"]

1. e4 e6 2. d4 d5 3. e5 c5 4. c3 Nc6 5. Nf3 Qb6 6. a3 c4 7. g3 f6 8. exf6 Nxf6 9. Nbd2 Be7 10. Bg2 Bd7 11. 0-0 0-0 12. Re1 Rae8 13. Qc2 Ng4 14. h3 Nh6 15. Nf1 Nf5 16. Ng5 Bxg5 17. Bxg5 Rf7 18. Bf4 Ref8 19. Nh2 Nfe7 20. Nf3 Ng6 21. Ng5 Rf6 22. Re2 Nd8 23. Be5 Rf5 24. h4 Nxe5 25. Rxe5 g6 26. Rxf5 Rxf5 27. Bh3 Rf6 28. Kg2 h6 29. Nf3 Nf7 30. Re1 Nd6 31. Ne5 Be8 32. Re2 Kg7 33. Qc1 a5 34. Ng4 Nf5 35. Nxf6 Kxf6 36. Bxf5 1-0